Normal view
MARC view
- Disruptive technologies
Entry Topical Term
001 - CONTROL NUMBER
- control field: 96028
003 - CONTROL NUMBER IDENTIFIER
- control field: NUST
005 - DATE AND TIME OF LATEST TRANSACTION
- control field: 20220801121900.0
008 - FIXED-LENGTH DATA ELEMENTS
- fixed length control field: 220801|| aca||aabn | a|a d
040 ## - CATALOGING SOURCE
- Original cataloging agency: NUST
- Transcribing agency: NUST
150 ## - HEADING--TOPICAL TERM
- Topical term or geographic name entry element: Disruptive technologies
670 ## - SOURCE DATA FOUND
- Source citation: Work cat.: (NUST)176976: Brooks, R. R. 96027, Disruptive security technologies with mobile code and peer-to-peer networks /, 2004, c2005.
